Statistics for Top 100 Movies Of All Time

Click here to take the quiz!

General Stats

  • This quiz has been taken 134 times
  • The average score is 16 of 100

Answer Stats

YearThe Movie% Correct
21972Godfather
63%
921931M
63%
111977Star Wars
49%
32019Avengers: Endgame
44%
101994Pulp Fiction
43%
132010Inception
39%
452003The Lord of the Rings: The Return of the King
37%
161974Godfather 2
36%
631995Toy Story
36%
681942Casablanca
35%
52008Batman: The Dark Knight
33%
81994Forrest Gump
33%
152019Joker
33%
751941Citizen Kane
32%
122019Parasite
32%
141999Fight Club
31%
92018Avengers: Infinity War
30%
252012Django Unchained
30%
62014Interstellar
30%
621960Psycho
30%
171995Seven
30%
5419682001: A Space Odyssey
29%
461994The Lion King
29%
351980The Shining
29%
211990Goodfellas
28%
241993Schindlers List
28%
41994The Shawshank Redemption
28%
271998Saving Private Ryan
27%
261999The Matrix
27%
911958Vertigo
24%
192009Inglourious Basterds
23%
371991The Silence of the Lambs
23%
12022Everything Everywhere All at Once
21%
222000Gladiator
21%
231979Alien
20%
531975One Flew Over the Cuckoo's Nest
20%
601992Reservoir Dogs
19%
72006The Departed
19%
381999The Green Mile
19%
341985Back To The Future
18%
43195712 Angry Men
17%
421999American Beauty
17%
812010Toy Story 3
17%
301979Apocalypse Now
16%
641997Life Is Beautiful
16%
581966The Good, The Bad & The Ugly
16%
321997Good Will Hunting
15%
662002The Pianist
15%
402006The Prestige
15%
282014Whiplash
15%
361994Leon
14%
511995The Usual Suspects
14%
311984Once Upon a Time in America
13%
841954Rear Window
13%
481995Braveheart
12%
781946It's a Wonderful Life
12%
732008Wall-E
11%
721984Amadeus
10%
712001Amelie
10%
602017Coco
10%
472004Eternal Sunshine of the Spotless Mind
10%
561998American History X
9%
871962Lawrence of Arabia
9%
851959North by Northwest
9%
901988Cinema Paradiso
8%
801968Once Upon A Time In The West
8%
891952Singin' in the Rain
8%
612002City Of God
7%
202000Requiem for a Dream
7%
292018Spider-Man: Into the Spider-Verse
7%
502003Oldboy
5%
931950Sunset Blvd
5%
652002The Lord of the Rings: The Two Towers
5%
331981Indiana Jones: Raiders of the Lost Ark
4%
672011Intouchables
4%
821997Princess Mononoke
4%
491980Star Wars: The Empire Strikes Back
4%
441986Alien 2
3%
592012The Hunt
3%
7420093 Idiots
2%
941962Harakiri
2%
951957Paths of Glory
2%
392012Batman: The Dark Knight Rises
1%
771964Dr. Strangelove or: How I Learned to
Stop Worrying and Love the Bomb
1%
761988Grave Of The Fireflies
1%
991963High And Low
1%
792006The Lives Of The Others
1%
692016Your Name
1%
832018Capernaum
0%
1001931Charlie Chaplin: City Lights
0%
981936Charlie Chaplin: Modern Times
0%
971940Charlie Chaplin: The Great Dictator
0%
182001Lord of the Rings: The Tale of the Ring
0%
552001Miyazaki's Spirited Away
0%
572000Momento
0%
861954Seven Simurai
0%
521983Star Wars: Episode VI - Return of the Jedi
0%
411991Terminator 2: Doomsday
0%
881981The Boat
0%
961957Witness for the Prosecution
0%

Score Distribution

Percentile by Number Answered

Percent of People with Each Score

Your Score History

You have not taken this quiz